000 00521cam a22002171 4500
001 sa 64007292
003 DLC
005 20260227112045.0
008 890913s1962 ii a 000 0 telo
010 _asa 64007292
035 _a(OCoLC)20334563
040 _aDLC
_cWaU
_dDLC
042 _apremarc
050 0 0 _aBL1470
_b.B3
100 1 _aBalaraju, Ratnakar,
_d1930-
245 1 0 _aBuddha darį¹”anamu.
260 _c[1962]
300 _a288 p.
_billus.
_c19 cm.
500 _aIn Telugu.
600 0 0 _aGautama Buddha.
999 _c60144
_d60144